It looks like you're offline.
Open Library logo
additional options menu

MARC record from Internet Archive

LEADER: 00870cam 2200253 i 4500
001 76373177 //r89
003 DLC
005 19891005000000.0
008 760910s1976 enkaf b 00110 eng
010 $a 76373177 //r89
015 $aGB***
020 $a0192183184 :$c£12.00
043 $ae-ur---
050 0 $aT26.R9$bH87
082 $a609/.47
100 10 $aHutchings, Raymond.
245 10 $aSoviet science, technology, design :$binteraction and convergence /$cRaymond Hutchings.
260 0 $aLondon ;$aNew York :$bPublished for the Royal Institute of International Affairs by Oxford University Press,$c1976.
300 $axii, 320 p., [4] leaves of plates :$bill. ;$c23 cm.
504 $aBibliography: p. [301]-310.
500 $aIncludes index.
650 0 $aTechnology$zSoviet Union.
650 0 $aScience$zSoviet Union.
650 0 $aDesign, Industrial$zSoviet Union.